Quiz da Guatemala - Statistics

Estatísticas Gerais
  • Esse quiz foi jogado 955 vezes
  • A pontuação média é 11 de 17
Estatísticas das Respostas
Dica Resposta % Correto
Língua oficial Espanhol
99%
Países fazendo fronteira com a Guatemala El Salvador
94%
Países fazendo fronteira com a Guatemala Belize
93%
Países fazendo fronteira com a Guatemala Honduras
93%
Países fazendo fronteira com a Guatemala México
93%
Esporte mais popular Futebol
89%
Civilização nativa conhecida por pirâmides, calendários e escrita Maia
87%
Capital Cidade da Guatemala
83%
Mar a leste da Guatemala Caribe
82%
País com estimativa de 1,5 milhão de emigrantes guatemaltecos Estados Unidos
77%
Colheita básica Milho
44%
Grande península que inclui as partes do norte da Guatemala Iucatã
33%
Moeda oficial Quetzal
28%
Cidade conhecida pela arquitetura colonial cujo nome significa "velha" Antigua
19%
Antiga cidade no acima acima também chamada de Yax Mutal Tikal
17%
Vulcão ardente que entrou em erupção em 2018, matando 190 Vulcão de {Fogo}
14%
Ativista de direitos humanos que ganhou o Prêmio Nobel da Paz em 1992 Rigoberta Menchú
11%
Nenhum quiz correspondente encontrado
Distribuição das Pontuações
Porcentagem de Pessoas com Cada Pontuação
Percentil de Números Respondidos
Sua Pontuação Histórica
Você não jogou esse quiz